Literature - American | 4 | 8 | 0 | 0 | 140 | 44 | 76.92 | 1 | 2 |
Literature - British | 7 | 3 | 0 | 0 | 135 | 33 | 67.10 | 1 | 2 |
Literature - World and Miscellaneous | 4 | 4 | 0 | 0 | 100 | 16 | 67.38 | 1 | 1 |
Literature - European | 5 | 1 | 0 | 0 | 85 | 27 | 49.00 | 2 | 4 |
History - World | 4 | 2 | 0 | 0 | 80 | 36 | 56.83 | 1 | 3 |
History - American | 2 | 4 | 0 | 0 | 70 | 53 | 75.33 | 0 | 2 |
Fine Arts - Painting | 1 | 5 | 0 | 0 | 65 | 63 | 81.50 | 0 | 0 |
Other - Other Academic and General Knowledge | 2 | 2 | 0 | 0 | 50 | 51 | 81.50 | 0 | 0 |
History - European | 1 | 3 | 0 | 0 | 45 | 32 | 80.50 | 0 | 0 |
RMP - World Mythology | 0 | 4 | 0 | 0 | 40 | 121 | 130.25 | 0 | 0 |
Geography - United States | 1 | 1 | 0 | 0 | 25 | 51 | 86.50 | 0 | 0 |
Science - Chemistry | 0 | 2 | 0 | 0 | 20 | 87 | 87.50 | 0 | 0 |
History - Cross, Historiography, and Miscellaneous | 1 | 0 | 0 | 0 | 15 | 39 | 39.00 | 0 | 0 |
RMP - Philosophy | 1 | 0 | 0 | 0 | 15 | 63 | 63.00 | 0 | 1 |
RMP - Christian Practice | 1 | 0 | 0 | 0 | 15 | 69 | 69.00 | 0 | 0 |
Fine Arts - Photography | 1 | 0 | 0 | 0 | 15 | 74 | 74.00 | 0 | 0 |
Social Science - Psychology | 0 | 1 | 0 | 0 | 10 | 121 | 121.00 | 0 | 0 |
RMP - Buddhism | 0 | 1 | 0 | 0 | 10 | 119 | 119.00 | 0 | 0 |
RMP - Greco-Roman Mythology | 0 | 1 | 0 | 0 | 10 | 74 | 74.00 | 0 | 0 |
RMP - Hebrew Bible | 0 | 1 | 0 | 0 | 10 | 130 | 130.00 | 0 | 0 |
Science - Math | 0 | 1 | 0 | 0 | 10 | 115 | 115.00 | 0 | 0 |
Social Science - Economics | 0 | 1 | 0 | 0 | 10 | 122 | 122.00 | 0 | 0 |
Fine Arts - Miscellaneous | 0 | 0 | 0 | 0 | 0 | | 0.00 | 0 | 0 |
RMP - Jewish Practice | 0 | 0 | 0 | 0 | 0 | | 0.00 | 0 | 0 |
RMP - Islam | 0 | 0 | 0 | 0 | 0 | | 0.00 | 0 | 0 |